00806nac a22002411u 4500010001600000020001500016082001700031090001500048100003400063245005900097250001200156260004200168300004500210500001400255500003800269504003900307650001600346650003200362650002600394942001900420999001500439952011000454 a 73593746 a063209720500a616.15bJ762 c3629d3629 aHughes-Jones, N. C. 10aLecture notes on haematologyc[by] N. C. Hughes-Jones. a2nd ed. aOxford,bBlackwell Scientific,c1973. aviii, 171, [16] p.billus., map.c19 cm. aDonations aDonations-Bibliotheca Alexandrina aIncludes bibliographies and index. 0aHematology. 0aBloodxDiseasesxDiagnosis. 0aHematologic diseases. cBBk616.15J762 c3629d3629 00102ddc4070aMAINbMAINc1STd2007-05-02ePurchasel0o616.15 HUGp000030313r2025-07-15 00:00:00yBB